Slovenské kúpeľníctvo pred vstupom do Európskej únie
Analýza ponuky a dopytu v slovenských liečebných kúpeľoch pred vstupom do Európskej únie. Prírodné liečivé zdroje. Produkty kúpeľníctva. Ubytovacia kapacita. Odberatelia produktov slovenského kúpeľníctva. Verejní vysielatelia. Samoplatci. Ambulantní hostia. Zahraniční odberatelia.
Salvato in:
| Autore principale: | |
|---|---|
| Natura: | Capitolo di libro |
| Lingua: | slovacco |
| Soggetti: | |
| Tags: |
Nessun Tag, puoi essere il primo ad aggiungerne!!
|
MARC
| LEADER | 00000naa$a2200000$$$4500 | ||
|---|---|---|---|
| 001 | 0003715 | ||
| 005 | 20230724111841.5 | ||
| 041 | 0 | |a slo | |
| 044 | |a SK | ||
| 245 | 1 | 0 | |a Slovenské kúpeľníctvo pred vstupom do Európskej únie |c aut. Andrea Kulíšková |
| 520 | |a Analýza ponuky a dopytu v slovenských liečebných kúpeľoch pred vstupom do Európskej únie. Prírodné liečivé zdroje. Produkty kúpeľníctva. Ubytovacia kapacita. Odberatelia produktov slovenského kúpeľníctva. Verejní vysielatelia. Samoplatci. Ambulantní hostia. Zahraniční odberatelia. | ||
| 610 | 2 | 0 | |a kúpeľníctvo |
| 610 | 2 | 0 | |a kúpele |
| 610 | 2 | 0 | |a ponuka |
| 610 | 2 | 0 | |a dopyt |
| 610 | 2 | 0 | |a kapacita ubytovacia |
| 610 | 2 | 0 | |a Slovensko |
| 100 | 1 | |a Kulíšková, Andrea | |